| 000 | 00694nam a2200205 a 4500 | ||
|---|---|---|---|
| 001 | 000022358 | ||
| 005 | 20200930011709.0 | ||
| 008 | 101004s1980 dr a 001 0 spa d | ||
| 040 |
_aDO-SdBNP _bspa _cBNPHU |
||
| 082 |
_a651.3741 _bA681s |
||
| 100 | 1 |
_aAres Jaimes, Ambrosina _946122 |
|
| 245 | 1 | 3 |
_aLa secretaria ejecutiva : _bsus logros, triunfos y fracasos / _cAmbrosina Ares Jaimes. |
| 260 |
_a[Santo Domingo] : _bImpresora Iván Dotel, _c1980. |
||
| 300 |
_a70 p. : _bil. ; _c22 cm. |
||
| 504 | _aBibliografía: p. 70. | ||
| 590 | _aInventariado, 2018/ YL | ||
| 650 | 4 |
_aEmpleados de oficina _946123 |
|
| 650 | 4 |
_aPrácticas de oficina _946124 |
|
| 910 | _aValidado. Control de calidad EMS | ||
| 999 |
_c21856 _d21856 |
||